Statistics for Italy National Team - Top Scorers

Click here to take the quiz!

General Stats

  • This quiz has been taken 36 times
  • The average score is 5 of 10

Answer Stats

GoalsPeriodPlayer% Correct
271995-2008Alessandro Del Piero
86%
271988-2004Roberto Baggio
86%
251997-2007Filippo Inzaghi
79%
331930-1939Giuseppe Meazza
72%
231997-2005Christian Vieri
69%
351965-1974Luigi Riva
59%
251980-1988Alessandro Altobelli
28%
301935-1952Silvio Piola
24%
231975-1983Francesco Graziani
17%
251920-1930Adolfo Baloncieri
7%

Score Distribution

Percentile by Number Answered

Percent of People with Each Score

Your Score History

You have not taken this quiz